| 000 | 00515nam a22001697a 4500 | ||
|---|---|---|---|
| 005 | 20251108165900.0 | ||
| 008 | 250721s1982 xx 000 0 ara d | ||
| 082 | 1 | 4 | _aط/784/ليل |
| 100 | 1 | _aمنقور، ليلى | |
| 245 | 1 | 0 | _aالزهور تحاور الأطفال / |
| 264 | 1 |
_aبيروت : _bالمؤسسة العربيه للدراسات و النشر و التوزيع، _c1982. |
|
| 300 | _a24ص : مص | ||
| 650 | 1 | 7 | _aالغناء |
| 650 | 1 | 7 | _aالأطفال |
| 942 |
_2ddc _cBK |
||
| 999 |
_c33798 _d33798 |
||